Aristotle, virtue and the man

Պահպանված է:
Մատենագիտական մանրամասներ
Հիմնական հեղինակներ: Bosley, Richard (Հեղինակ), Shiner, Roger A (Հեղինակ), Sisson, Janet D (Հեղինակ)
Ձևաչափ: Գիրք
Լեզու:անգլերեն
Հրապարակվել է: Edmonton Academic Printing and Publishing 1995
Խորագրեր:
Ցուցիչներ: Ավելացրեք ցուցիչ
Չկան պիտակներ, Եղեք առաջինը, ով նշում է այս գրառումը!

MARC

LEADER 00000nam a2200000 a 4500
001 UCT7243
003 CL-VaPUC
008 970117e19950000CN |||||||||||||||||eng|d
082 0 4 |a 185  |b BOS  |2 21 
100 0 |a Bosley, Richard  |e author  |9 378157 
700 0 |a Shiner, Roger A  |e author  |9 378158 
700 0 |a Sisson, Janet D  |e author  |9 378159 
245 1 0 |a Aristotle, virtue and the man 
300 |a 217 p 
942 |c BK 
945 |d 19970117 00:00:00  |a rbrito 
260 |a Edmonton  |b Academic Printing and Publishing  |c 1995 
600 0 |a Aristóteles,  |d 384 a.C.- 322 a.C.  |9 194 
650 0 |a Ética  |9 255099 
650 0 |a Filosofía antigua   |9 255705 
650 0 |a Crítica e interpretación   |9 255042 
650 0 |a Aristotelismo  |9 347069 
583 |a last modification  |c 20121008 06:10:18  |k Rodrigo Vera 
999 |c 255898  |d 255896 
952 |0 0  |1 0  |4 0  |6 185_000000000000000_BOS_1995  |7 0  |8 A  |9 278369  |a BIBHIS  |b BIBHIS  |d 2019-11-19  |i 328266K  |o 185 BOS 1995  |p 328266K  |r 2025-01-20  |w 2019-11-19  |y BK  |k HIS